Liverpool Top Goalscorers of all time - Statistics

General Stats
  • This quiz has been taken 102 times
  • The average score is 14 of 50
Answer Stats
Player Name APP Goals % Correct
Mohamed Salah 347 211
100%
Sadio Mane 269 120
93%
Roberto Firmino 362 111
88%
Ian Rush 654 339
87%
Steven Gerrard 710 186
83%
Michael Owen 297 158
82%
Robbie Fowler 369 183
79%
Luis Suarez 133 82
76%
Fernando Torres 142 81
74%
Diogo Jota 145 56
55%
Daniel Sturridge 160 68
52%
Philippe Coutinho 201 54
49%
John Barnes 406 107
48%
Divock Origi 175 41
40%
Kevin Keegan 316 100
40%
Peter Crouch 135 42
40%
Roger Hunt 451 262
35%
Sir Kenny Daglish 510 170
35%
Emile Heskey 223 60
33%
Ian Callaghan 836 67
24%
Billy Liddell 386 177
23%
Jamie Redknapp 308 42
18%
David Johnson 212 78
15%
Dirk Kuyt 285 71
15%
Ian St.John 420 117
11%
John Aldridge 104 63
11%
Peter Beardsley 173 59
8%
Ray Kennedy 386 69
8%
Graeme Souness 358 55
7%
John Toshack 244 95
7%
Phil Neal 645 59
7%
Steve Heighway 465 74
7%
Steve McManaman 364 66
7%
Ronnie Whelan 484 73
6%
Terry McDermott 328 81
6%
Danny Murphy 249 44
5%
Peter Thompson 410 53
5%
Tommy Smith 625 47
5%
Chris Lawler 538 58
4%
Emlyn Hughes 648 48
4%
Jimmy Case 266 45
4%
David Fairclough 152 55
2%
Jan Molby 282 58
2%
Steve McMahon 270 49
2%
Steve Nicol 458 45
2%
Jimmy Melia 254 73
1%
John Wark 104 42
1%
Alan A'Court 313 53
0%
Bobby Graham 132 41
0%
John Evans 81 46
0%
No matching quizzes found
Score Distribution
Percent of People with Each Score
Percentile by Number Answered
Your Score History
You have not taken this quiz